000 00858nam a2200265Ia 4500
003 OSt
005 20221005042719.0
006 a|||||r|||| 00| 0
007 ta
008 221004b |||||||| |||| 00| 0 eng d
020 _a0822337436 (pbk)
_c1228.51
024 _a102674
037 _b110, 01/10/2009, Pioneer Books Distributors
_cTextual
040 _aCRL
_cCRL
_beng
041 _2eng
_aeng
082 _aV1:17.N9, P6
100 _aPierce Steven Ed.
_9590784
245 0 _aDiscipline and the other body
_b Correction corporeality colonialism
260 _aDurham
_bDuke University Press
_c2006
300 _aviii,355p.
_ccm.
650 _aHISTORY
700 _a Rao Anupama Ed.
942 _hV1:17.N9, P6
_cTEXL
_2cc
999 _c950727
_d950727